000 00312nam a22001337a 4500
008 171010b xxu||||| |||| 00| 0 eng d
020 _a9781856491426
041 _aeng
080 _a316
100 _a50
101 _aSOC
245 _aTHE WOMEN, GENDER & DEVELOPMENT READER
_cVISVANATHAN, N
942 _2udc
_cBK
999 _c32727
_d32727